000
00191 a2200097 4500
020
_a
042799903766
041
_a
eng
100
_a
Janet Quilan
245
_a
The boy who cried wolf
942
_c
BK
999
_c
10205
_d
10205